|
|
|
|
| LEADER |
00000cam a2200000 a 4500 |
| 001 |
1/107028 |
| 008 |
150618s2013####gr | ||| |||| ||gre|| |
| 020 |
|
|
|a 9789609489270
|
| 040 |
|
|
|a GR-MyUa
|b gre
|c GR-MyUa
|e AACR2
|
| 041 |
1 |
|
|a gre
|
| 082 |
7 |
|
|a 193
|2 (23)
|
| 245 |
0 |
0 |
|a Theodor W. Adorno :
|b ή στοχαστής σε χαλεπούς καιρούς /
|c επιμέλεια - εισαγωγή - μεταφράσεις: Φώτης Τερζάκης.
|
| 260 |
|
|
|a Αθήνα :
|b Futura,
|c 2013.
|
| 300 |
|
|
|a 91 σ. ;
|c 20 εκ.
|
| 500 |
|
|
|a Αναδημοσίευση του αφιερώματος "Theodor W. Adorno: 100 [+1] χρόνια από τη γέννησή του" (επιθεώρηση futura, τ. 9, Καλοκαίρι 2004).
|
| 600 |
1 |
0 |
|a Adorno, Theodor W.,
|d 1903-1969.
|
| 700 |
1 |
|
|a Τερζάκης, Φώτης,
|d 1959-
|e edt
|e trl
|
| 852 |
|
|
|a INST
|b LESVOS
|c EUDOXUS
|e 20150618
|h 193 THE
|p 005100056996
|q 005100056996
|t BK
|y 0
|
| 970 |
|
|
|a Τζαφέρη
|b Ευαγγελία
|z 18-06-2015
|